Top 15 Smallest Countries by Land Area - Statistics

General Stats
  • This quiz has been taken 32 times
  • The average score is 12 of 15
Answer Stats
Answer % Correct
San Marino
94%
Vatican City
94%
Liechtenstein
87%
Andorra
84%
Monaco
84%
Nauru
84%
Tuvalu
81%
St Kitts and Nevis
77%
St Vincent and the Grenadines
77%
Micronesia
71%
Palau
71%
Tonga
71%
Seychelles
68%
Antigua and Barbuda
65%
Dominica
61%
No matching quizzes found
Score Distribution
Percent of People with Each Score
Percentile by Number Answered
Your Score History
You have not taken this quiz